Dulces sueños / (Registro nro. 3223)
[ vista simple ]
| 000 -LEADER | |
|---|---|
| fixed length control field | 01053nam a2200241Ia 4500 |
| 003 - CONTROL NUMBER IDENTIFIER | |
| control field | OSt |
| 005 - DATE AND TIME OF LATEST TRANSACTION | |
| control field | 20210112122229.0 |
| 008 - FIXED-LENGTH DATA ELEMENTS--GENERAL INFORMATION | |
| fixed length control field | 191128t2006 ck a ar 000 1 spa d |
| 020 ## - INTERNATIONAL STANDARD BOOK NUMBER | |
| International Standard Book Number | 9789586890311 |
| 040 ## - CATALOGING SOURCE | |
| Original cataloging agency | CO-JMCR |
| Transcribing agency | CO-JMCR |
| 041 1# - LANGUAGE CODE | |
| Language code of text/sound track or separate title | spa |
| 082 04 - DEWEY DECIMAL CLASSIFICATION NUMBER | |
| Classification number | A / |
| Item number | BUTd |
| 100 ## - MAIN ENTRY--PERSONAL NAME | |
| Personal name | Butler, John, 1952-, autor |
| 9 (RLIN) | 1964 |
| 245 #0 - TITLE STATEMENT | |
| Title | Dulces sueños / |
| Statement of responsibility, etc. | John Butler |
| 260 ## - PUBLICATION, DISTRIBUTION, ETC. | |
| Place of publication, distribution, etc. | Bogotá : |
| Name of publisher, distributor, etc. | Larousse, |
| Date of publication, distribution, etc. | ©2006 |
| 300 ## - PHYSICAL DESCRIPTION | |
| Extent | [14] páginas sin numerar : |
| Other physical details | ilustraciones a color ; |
| Dimensions | 26 cm. |
| 440 0# - SERIES STATEMENT/ADDED ENTRY--TITLE | |
| Title | Primera Infancia del Ministerio de Cultura |
| 9 (RLIN) | 1788 |
| 500 ## - GENERAL NOTE | |
| General note | Plan Nacional de Lectura y Escritura. Leer es mi cuento, 2012. Recomendado para niños de 0 años en adelante. |
| 520 ## - SUMMARY, ETC. | |
| Summary, etc. | Los cachorritos y los bebés tienen mucho en común. ¿Pueses dar un fuerte abrazo de oso? Tal vez prefieras descansar con tus hermanitos en un tibio y confortable nido: quizás desees quedarte con tu mamá y comer bambú a la luz de la luna., como si fueras un |
| 546 ## - LANGUAGE NOTE | |
| Language note | spa |
| 650 14 - SUBJECT ADDED ENTRY--TOPICAL TERM | |
| Topical term or geographic name entry element | Animales en la literatura |
| 9 (RLIN) | 1965 |
| General subdivision | album |
| 942 ## - ADDED ENTRY ELEMENTS (KOHA) | |
| Source of classification or shelving scheme | Dewey Decimal Classification |
| Koha item type | Books |
| Withdrawn status | Lost status | Source of classification or shelving scheme | Damaged status | Not for loan | Collection code | Home library | Current library | Date acquired | Cost, normal purchase price | Total Checkouts | Total Renewals | Full call number | Barcode | Date last seen | Date last checked out | Copy number | Koha item type |
|---|---|---|---|---|---|---|---|---|---|---|---|---|---|---|---|---|---|
| Dewey Decimal Classification | Fiction | Biblioteca Pública José María del Castillo y Rada | Biblioteca Pública José María del Castillo y Rada | 11/28/2019 | 0.00 | 11 | 3 | A / BUTd | 201506894 | 03/05/2026 | 03/05/2026 | Ej.1 | Books |